Sports Quiz

Random Sports or Hockey Quiz
Score 0/13 Timer 03:00
0 Plays Today
Wins Player % Correct
32Tony Esposito
100%
33Ken Dryden
95.6%
22Rogie Vachon
93.3%
26Ed Giacomin
86.7%
20Jim Rutherford
77.8%
24Eddie Johnston
68.9%
21Cesare Maniago
68.9%
20Gilles Villemure
66.7%
27Roy Edwards
64.4%
23Roger Crozier
62.2%
20Doug Favell
55.6%
16Phil Myre
51.1%
18Wayne Stephenson
37.8%
Remove Ads.
Support Sporcle.
Get the best of Sporcle when you Go Orange. This ad-free experience offers more features, more stats, and more fun while also helping to support Sporcle. Thank you for becoming a member.

You're not logged in!

Compare scores with friends on all Sporcle quizzes.
OR
Log In

Show Comments

Extras

Top Quizzes Today


Score Distribution

Your Account Isn't Verified!

In order to create a playlist on Sporcle, you need to verify the email address you used during registration. Go to your Sporcle Settings to finish the process.

Report this User

Report this user for behavior that violates our Community Guidelines.

Details: